00418nam a2200169Ia 4500003000400000005001700004008004100021020001800062040000900080082002000089100002200109245003400131250001200165260004900177300001000226650001200236OSt20201021122538.0190216s9999||||xx |||||||||||||| ||und|| a9780195665017 coclc a891.4336bORS/P aOrsini, Francesca 0aPremchand /cFrancesca Orsini a6th Ed. bOxford University Press ,c2012.aNew Delhi: a1000p aEnglish